Estadística (Record no. 119417)

MARC details
000 -LEADER
fixed length control field 00844nam a22002417a 4500
005 - DATE AND TIME OF LATEST TRANSACTION
control field 20230830145749.0
008 - FIXED-LENGTH DATA ELEMENTS--GENERAL INFORMATION
fixed length control field 180816t sp d gr|||| 00| 0 spa|d
020 ## - INTERNATIONAL STANDARD BOOK NUMBER
International Standard Book Number 8420689831 (o. c.)
020 ## - INTERNATIONAL STANDARD BOOK NUMBER
International Standard Book Number 8420681105 (t. 2)
050 04 - LIBRARY OF CONGRESS CALL NUMBER
Classification number QA276.2
Item number P46 1989
100 1# - MAIN ENTRY--PERSONAL NAME
Personal name Peña Sánchez de Rivera, Daniel
240 ## - UNIFORM TITLE
Uniform title :
245 10 - TITLE STATEMENT
Title Estadística
Remainder of title : modelos y métodos
Statement of responsibility, etc / Daniel Peña Sánchez de Rivera.
250 ## - EDITION STATEMENT
Edition statement 2a ed.
260 ## - PUBLICATION, DISTRIBUTION, ETC. (IMPRINT)
Place of publication, distribution, etc Madrid :
Name of publisher, distributor, etc Alianza,
Date of publication, distribution, etc 1989
300 ## - PHYSICAL DESCRIPTION
Extent 745 p. :
Other physical details il. ;
Dimensions 23 cm
490 0# - SERIES STATEMENT
Series statement Alianza Universidad Textos ;
Volume number/sequential designation no. 110
504 ## - BIBLIOGRAPHY, ETC. NOTE
Bibliography, etc Incluye bibliografía e índice
505 0# - FORMATTED CONTENTS NOTE
Title V. 1 Fundamentos --
-- V. 2 Modelos lineales y series temporales
650 #7 - SUBJECT ADDED ENTRY--TOPICAL TERM
Source of heading or term lemb
Topical term or geographic name as entry element Estadística matemática
General subdivision Problemas, ejercicios, etc.
650 #7 - SUBJECT ADDED ENTRY--TOPICAL TERM
Source of heading or term lemb
Topical term or geographic name as entry element Estadística
General subdivision Métodos gráficos
942 ## - ADDED ENTRY ELEMENTS (KOHA)
Source of classification or shelving scheme Biblioteca del Cogreso de los Estados Unidos
Koha item type Libro
Holdings
Estado de pérdida Fuente de clasificación Estado del daño No para préstamo Ubicación permanente Ubicación actual Apartado o colección Fecha de adquisición Fuente de adquisición Edición Enumeración de Serie / Cronológica Dependencia de educación superior (DES) Área del conocimiento Clasificación Código de Barras Date last seen Número de copia Costo por reposición Tipo de recurso
  Biblioteca del Cogreso de los Estados Unidos   Uso interno Biblioteca Biblioteca de la Facultad de Economía Biblioteca de la Facultad de Economía General 28/08/2023 Unidad Académica 2a ed. V:2 Ciencias Económico Administrativas Ciencias Naturales y Exactas QA276.2 P46 r2000 BFE000001989 10/08/2016 1 1.00 Libro